| 000 | 00821nam a22001815i 4500 | ||
|---|---|---|---|
| 001 | 157705 | ||
| 003 | ES-MaACL | ||
| 005 | 20250903084239.0 | ||
| 008 | 040719s1880 sp |||| | spa d | ||
| 040 |
_aCAM _bspa _cCAM |
||
| 110 | 2 |
_aLibrería de Donato Guío (Madrid) _9134644 |
|
| 245 | 1 | 0 |
_aCatálogo de las obras que se hallan de venta, clasificadas por materias y orden alfabético de autores / _cLibrería de Donato Guío, calle del Arenal, 14. |
| 260 |
_aMadrid : _b[Librería de Donato Guío], _c1880 ( _fEstablecimiento tipográfico de Eduardo Cuesta) |
||
| 300 |
_a168 p. ; _c18 cm. |
||
| 650 | 7 |
_aCatálogos de editores- _yS.XIX _2 _9169796 |
|
| 852 |
_aES-MaACL _jT-399-F-4 _z-- Enc. hol. _z-- Dedicatoria ms. de José Rodríguez al Ateneo de Madrid _z-- Enc. en un vol. facticio |
||
| 999 |
_c157705 _d157705 |
||